Living Space I: Global Living Space Design Collection With Powerful And Unconstrained Syles (Price P (Record no. 14102)

000 -LEADER
fixed length control field 00316nam a2200109Ia 4500
008 - FIXED-LENGTH DATA ELEMENTS--GENERAL INFORMATION
fixed length control field 260210s9999 xx 000 0 und d
020 ## - INTERNATIONAL STANDARD BOOK NUMBER
International Standard Book Number 9788997079780
100 ## - MAIN ENTRY--PERSONAL NAME
Personal name DMP
245 #0 - TITLE STATEMENT
Title Living Space I: Global Living Space Design Collection With Powerful And Unconstrained Syles (Price P
260 ## - PUBLICATION, DISTRIBUTION, ETC.
Name of publisher, distributor, etc. DMP
942 ## - ADDED ENTRY ELEMENTS (KOHA)
Koha item type B.Design
Holdings
Withdrawn status Lost status Damaged status Not for loan Permanent Location Current Location Shelving location Date acquired Barcode Date last seen Price effective from Koha item type
        BMS College of Architecture, Design and Planning BMS College of Architecture, Design and Planning General Stacks 2025-12-03 AR-UG5118 2026-02-10 2026-02-10 B.Design
Copyright © 2025, The Librarian, Library and Information Centre, BMSCA D&P, Bengaluru. All Rights Reserved
web counter

Powered by Koha